000 00540nam a2200217Ia 4500
003 OSt
005 20221007064102.0
006 a|||||r|||| 00| 0
007 ta
008 221006b |||||||| |||| 00| 0 eng d
024 _a25,354
037 _cTextual
040 _aFLL
_cFLL
_beng
041 _2eng
_aeng
082 _aZ3:66, F0
245 0 _aLegal effects of war
260 _aCambridge
_bThe University Press UK
_c1920
300 _axix,168p
_ccm.
942 _hZ3:66, F0
_cTEXL
_2CC
999 _c1132963
_d1132963